000 00214 a2200097 4500
001 19934
100 _aDobb M
245 _aEconomic Growth and planning
260 _a
_bRoutledge & Kegan
_c
090 _c14544
_d14544
942 _aNUST-CAE
_cM
_c5052
999 _c255007
_d255007